000 00884nam a2200265 a 4500
003 CBULib
005 20240523084641.0
008 151223s2015 ||||||||||||||||| || u
020 _a9789211128925
040 _aCBULib
_bEnglish
_cCBULib
_erda
041 _aeng
050 _aUNCTAD(058)RMT/2015
110 _aUnited Nations Conference on Trade and Development (UNCTAD)
245 1 0 _aReview of maritime transport 2015
_c/ by United Nations Conference on Trade and Development (UNCTAD)
260 _aGeneva :
_bUnited Nations,
_c2015
300 _axii, 108 pages : illustrations
336 _2rdacontent
_aText |
_btxt
337 _2rdamedia
_aUnmediated |
_bn
338 _2rdacarrier
_aVolume
_bnc
500 _aAccompanied with CD
650 _aWATER TRANSPORT
650 _aMERCHANT MARITIME-STATISTICS
650 _aSHIPPING--STATISTICS--PERIODICALS
942 _2mc
_c029
999 _c80216
_d80216